000 00775nam a2200193 a 4500
003 0
005 20250414094448.0
008 970101s19uu xx 00 eng d
050 _aPGS BF 723.A6
_b.J81 2004
100 _aJoo, Hyun Min
245 _aAnger management of grade six students of Southville International School and Colleges (SY 2003-2004) /
_cHyun Min Joo.
260 _aLas PiƱas City, Philippines :
_bSouthville International School and Colleges,
_c2004.
300 _a21 pages :
_billustrations ;
_c28 cm.
504 _aIncludes bibliographical references.
650 _aAnger regulation
_vElementary students.
650 _aAnger management programs
_vGrade 6 learners.
650 _aChildren
_vEmotional regulation
_vSchool setting.
942 _2lcc
_cPASS
999 _c96994
_d96994